000 00362cam a2200145ua 4500
999 _c14800
_d14800
020 _a9789327256378
082 _a630
_bSIN/PR
100 _aSingh, S S .
_92015
245 _aPrinciples and practices of agronomy /
250 _a5th
260 _aNew Delhi :
_bKalyani Publishers ,
_c2016
300 _a348; .
700 _aSingh, Rajesh
_92016
942 _cBK